Defense of the mendicants / (Record no. 117971)
[ view plain ]
| 000 -LEADER | |
|---|---|
| fixed length control field | 02368nam a22004811i 4500 |
| 001 - CONTROL NUMBER | |
| control field | ebr10756342 |
| 003 - CONTROL NUMBER IDENTIFIER | |
| control field | CaPaEBR |
| 006 - FIXED-LENGTH DATA ELEMENTS--ADDITIONAL MATERIAL CHARACTERISTICS--GENERAL INFORMATION | |
| fixed length control field | m o d |
| 007 - PHYSICAL DESCRIPTION FIXED FIELD--GENERAL INFORMATION | |
| fixed length control field | cr cn||||||||| |
| 008 - FIXED-LENGTH DATA ELEMENTS--GENERAL INFORMATION | |
| fixed length control field | 100107s2010 nyu ob 001 0 eng d |
| 020 ## - INTERNATIONAL STANDARD BOOK NUMBER | |
| Cancelled/invalid ISBN | 157659159X (alk. paper) |
| Cancelled/invalid ISBN | 9781576591598 |
| International Standard Book Number | 9781576592456 (e-book) |
| Cancelled/invalid ISBN | 9781576592458 |
| 040 ## - CATALOGING SOURCE | |
| Original cataloging agency | CaPaEBR |
| Language of cataloging | eng |
| Description conventions | rda |
| -- | pn |
| Transcribing agency | CaPaEBR |
| 035 ## - SYSTEM CONTROL NUMBER | |
| System control number | (OCoLC)861528234 |
| 041 1# - LANGUAGE CODE | |
| Language code of text/sound track or separate title | eng |
| Language code of original and/or intermediate translations of text | lat |
| 050 14 - LIBRARY OF CONGRESS CALL NUMBER | |
| Classification number | BX3603 |
| Item number | .B6613 2010eb |
| 100 0# - MAIN ENTRY--PERSONAL NAME | |
| Personal name | Bonaventure, |
| Titles and other words associated with a name | Saint, Cardinal, |
| Dates associated with a name | approximately 1217-1274. |
| 240 10 - UNIFORM TITLE | |
| Uniform title | <a href="Apologia pauperum.">Apologia pauperum.</a> |
| Language of a work | English |
| 245 10 - TITLE STATEMENT | |
| Title | Defense of the mendicants / |
| Statement of responsibility, etc | introduction and notes by Robert J. Karris ; translation by Jose de Vinck and Robert J. Karris. |
| 264 #1 - PRODUCTION, PUBLICATION, DISTRIBUTION, MANUFACTURE, AND COPYRIGHT NOTICE | |
| Place of production, publication, distribution, manufacture | Saint Bonaventure, New York : |
| Name of producer, publisher, distributor, manufacturer | Franciscan Institute Publication, |
| Date of production, publication, distribution, manufacture, or copyright notice | 2010. |
| 300 ## - PHYSICAL DESCRIPTION | |
| Extent | 1 online resource (430 pages) |
| 336 ## - CONTENT TYPE | |
| Content type term | text |
| Source | rdacontent |
| 337 ## - MEDIA TYPE | |
| Media type term | computer |
| Source | rdamedia |
| 338 ## - CARRIER TYPE | |
| Carrier type term | online resource |
| Source | rdacarrier |
| 440 #0 - SERIES STATEMENT/ADDED ENTRY--TITLE | |
| Title | Bonaventure texts in translation series ; |
| Volume number/sequential designation | 15 |
| 504 ## - BIBLIOGRAPHY, ETC. NOTE | |
| Bibliography, etc | Includes bibliographical references and index. |
| 588 ## - SOURCE OF DESCRIPTION NOTE | |
| Source of description note | Description based on print version record. |
| 590 ## - LOCAL NOTE (RLIN) | |
| Local note | Electronic reproduction. Palo Alto, Calif. : ebrary, 2013. Available via World Wide Web. Access may be limited to ebrary affiliated libraries. |
| 610 20 - SUBJECT ADDED ENTRY--CORPORATE NAME | |
| Corporate name or jurisdiction name as entry element | Franciscans |
| Form subdivision | Early works to 1800. |
| 650 #0 - SUBJECT ADDED ENTRY--TOPICAL TERM | |
| Topical term or geographic name as entry element | Monasticism and religious orders |
| Form subdivision | Early works to 1800. |
| Topical term or geographic name as entry element | Monastic and religious life |
| Form subdivision | Early works to 1800. |
| Topical term or geographic name as entry element | Perfection |
| General subdivision | Religious aspects |
| -- | Catholic Church |
| Form subdivision | Early works to 1800. |
| Topical term or geographic name as entry element | Poverty |
| General subdivision | Religious aspects |
| -- | Catholic Church |
| Form subdivision | Early works to 1800. |
| Topical term or geographic name as entry element | Friars |
| Form subdivision | Early works to 1800. |
| 655 #0 - INDEX TERM--GENRE/FORM | |
| Genre/form data or focus term | Electronic books. |
| 700 1# - ADDED ENTRY--PERSONAL NAME | |
| Personal name | Karris, Robert J. |
| 776 08 - ADDITIONAL PHYSICAL FORM ENTRY | |
| Display text | Print version: |
| Main entry heading | Bonaventure, Saint, Cardinal. |
| Title | Defense of the mendicants. |
| Place, publisher, and date of publication | Saint Bonaventure, New York : Franciscan Institute Publication, 2010 |
| Physical description | 423 pages ; 24 cm. |
| Series data for related item | Bonaventure texts in translation series ; 15. |
| International Standard Book Number | 9781576591598 |
| -- | 9781576592458 |
| Record control number | (OCoLC)499740963 |
| -- | (DLC) 2010000347 |
| 797 2# - LOCAL ADDED ENTRY--CORPORATE NAME (RLIN) | |
| Corporate name or jurisdiction name as entry element | ebrary. |
| 800 0# - SERIES ADDED ENTRY--PERSONAL NAME | |
| Personal name | Bonaventure, |
| Titles and other words associated with a name | Saint, Cardinal, |
| Dates associated with a name | approximately 1217-1274. |
| Title of a work | Works. |
| Language of a work | English. |
| Date of a work | 1979 ; |
| Volume/sequential designation | 15. |
| 856 40 - ELECTRONIC LOCATION AND ACCESS | |
| Uniform Resource Identifier | <a href="http://site.ebrary.com/lib/rucke/Doc?id=10756342">http://site.ebrary.com/lib/rucke/Doc?id=10756342</a> |
| Public note | An electronic book accessible through the World Wide Web; click to view |
No items available.
